Vivitos y coleando /

Guardado en:
Formato: Deslizar
Materias:
Etiquetas: Agregar Etiqueta
Sin Etiquetas, Sea el primero en etiquetar este registro!
LEADER 00605ngm a22001815g 4500
001 CEM.cems021491
008 130507b1992##################0###0#####d
005 20240826182014.0
245 0 0 |a Vivitos y coleando / 
300 |a 96 
500 |a En soporte VHS, consultar en ventanilla. 
505 0 |a Programas televisivos de entretenimientos para niños. 
538 |a Soporte: VHS - Norma: Pal N - Color - Grabación Drd 1992 - Hitachi=0000 
082 3 7 |. 21/VIV 
653 |a ENTRETENIMIENTOS 
653 |a NIÑOS 
653 |a INFANTIL 
859 |a CEMS  |b BIB. CEMS - Depto. Recursos Didacticos  |h 372.21  |i VIV  |k DRD  |p 134.12  |t Ej.1